000 00643nam a2200241Ia 4500
003 OSt
005 20220927105010.0
006 a|||||r|||| 00| 0
007 ta
008 220926b |||||||| |||| 00| 0 eng d
024 _a196330
037 _cReference Collections
040 _aRTL
_cRTL
_beng
041 _2eng
_aeng
082 _a"V3,6.N6, K9"
100 _aFriend J.K.
_9369221
245 0 _aLocal Governmemnt strategic choice
260 _c1969
300 _a"xix,296p"
_ccm.
700 _a Jessop W.N.
_9369222
942 _h"V3,6.N6, K9"
_cCC
999 _c690078
_d690078